| 000 | 00628 a2200181 4500 | ||
|---|---|---|---|
| 020 | _a9788126512614 | ||
| 020 | _a9788126512614 | ||
| 082 | _a620.4022 | ||
| 090 |
_c1643 _d1643 |
||
| 100 | 1 | _aIncropera, Frank P. | |
| 245 | 1 | 0 |
_aFundamentals of heat and mass transfer, 5th edition / _cFrank P. Incropera, David P. DeWitt. |
| 250 | _a5th ed. | ||
| 260 |
_aDelhi _bWiley (Shubham Offset), _c2006. |
||
| 300 |
_axix, 981 _c26 cm. |
||
| 700 | 1 | _aDeWitt, David P. | |
| 942 |
_aSNS _cBK _k620.4022 INC |
||
| 999 |
_c30252 _d30252 |
||